| 000 | 00582nam a22001937a 4500 | ||
|---|---|---|---|
| 999 |
_c155 _d155 |
||
| 003 | AR-CdUCM | ||
| 008 | 190222b ||||| |||| 00| 0 eng d | ||
| 040 |
_aMUNICIPALIDAD PROVINCIAL DEL CUSCO _cBIBLIOTECA MUNICIPAL DEL CUSCO |
||
| 082 |
_a818.4 / _bT98 |
||
| 100 |
_aTwain, Mark _9733 |
||
| 245 | _aThe adventures of Tom Sawyer / | ||
| 260 |
_aU.S.A : _bLaurel-Leaf library, _c1972. |
||
| 300 |
_a254 páginas ; _c18 cm. |
||
| 650 |
_aNovelas estadounidenses _9734 |
||
| 650 |
_aNovelas de aventuras _9735 |
||
| 650 |
_aNovela siglo XIX _9736 |
||
| 942 |
_2ddc _cLIBROS |
||
| 945 | _azta | ||